000 00638nam a2200253Ia 4500
003 OSt
005 20221007074833.0
006 a|||||r|||| 00| 0
007 ta
008 221006b |||||||| |||| 00| 0 eng d
024 _a7,696
037 _cTextual
040 _aFLL
_cFLL
_beng
041 _2eng
_aeng
082 _aZ,91, M5
100 _aDias R W M Au.
_9681663
245 0 _aJurisprudence
250 _a5th
260 _aNew Delhi
_bAditya books pvt. ltd. India
_c1985
300 _axxvi,520p
_ccm.
650 _aJurisprudence
942 _hZ,91, M5
_cTEXL
_2CC
999 _c1153857
_d1153857